High yielding varieties for Mysore State; (Record no. 81471)

MARC details
000 -LEADER
fixed length control field 00829cam a22002651 4500
001 - CONTROL NUMBER
control field sa 68006717
003 - CONTROL NUMBER IDENTIFIER
control field DLC
005 - DATE AND TIME OF LATEST TRANSACTION
control field 20260227112518.0
008 - FIXED-LENGTH DATA ELEMENTS--GENERAL INFORMATION
fixed length control field 690103s1967 ii 100 0 eng
010 ## - LIBRARY OF CONGRESS CONTROL NUMBER
LC control number sa 68006717
025 ## - OVERSEAS ACQUISITION NUMBER
Overseas acquisition number PL480:I-E-9410
040 ## - CATALOGING SOURCE
Original cataloging agency DLC
Transcribing agency DLC
Modifying agency DLC
043 ## - GEOGRAPHIC AREA CODE
Geographic area code a-ii---
050 10 - LIBRARY OF CONGRESS CALL NUMBER
Classification number S280
082 00 - DEWEY DECIMAL CLASSIFICATION NUMBER
Classification number 633/.00954/87
111 2# - MAIN ENTRY--MEETING NAME
Meeting name or jurisdiction name as entry element Conference on High Yielding Varieties,
Location of meeting University of Agricultural Sciences,
Date of meeting or treaty signing 1967.
245 00 - TITLE STATEMENT
Title High yielding varieties for Mysore State;
Remainder of title [brochure].
260 ## - PUBLICATION, DISTRIBUTION, ETC.
Place of publication, distribution, etc. Bangalore,
Name of publisher, distributor, etc. University of Agricultural Sciences,
Date of publication, distribution, etc. 1967.
300 ## - PHYSICAL DESCRIPTION
Extent 58 p.
Dimensions 25 cm.
350 ## - PRICE (NR) (BK AM CF MU VM SE) [OBSOLETE]
Price unpriced
440 #0 - SERIES STATEMENT/ADDED ENTRY--TITLE
Title U.A.S. extn. series ;
Volume/sequential designation no. 1
500 ## - GENERAL NOTE
General note Compiled by P. Hanumappa.
650 #0 - SUBJECT ADDED ENTRY--TOPICAL TERM
Topical term or geographic name entry element Field crops
Geographic subdivision India
-- Mysore
General subdivision Congresses.
700 1# - ADDED ENTRY--PERSONAL NAME
Personal name Hanumappa, P.,
Dates associated with a name 1926-
Relator term comp.

No items available.

Powered by Koha